[Event "Hampstead GM 3rd"]
[Site "Hampstead"]
[Date "1998.??.??"]
[Round "11"]
[White "Sasikiran, Krishnan"]
[Black "Aagaard, Jacob"]
[Result "1-0"]
[WhiteElo "2470"]
[BlackElo "2420"]
[Annotator "Aagaard,J"]
[PlyCount "53"]
[EventDate "1998.08.??"]
[EventType "tourn"]
[EventRounds "15"]
[EventCountry "ENG"]
[EventCategory "7"]
[SourceTitle "EXT 2001"]
[Source "ChessBase"]
[SourceDate "2000.11.22"]
[SourceVersion "1"]
[SourceVersionDate "2000.11.22"]
[SourceQuality "1"]

1. d4 Nf6 2. c4 g6 3. Nc3 d5 4. Nf3 Bg7 5. Qb3 dxc4 6. Qxc4 O-O 7. e4 Na6 8.
Be2 c5 9. d5 e6 10. O-O exd5 11. exd5 Bf5 12. Bf4 Qb6 13. d6 $2 $146 Qxb2 $1
14. Rab1 Bxb1 15. Rxb1 Qa3 $4 (15... b5 $1 $17) 16. Rb3 $18 Qa5 17. Rb5 Qd8 18.
Rxb7 Nb8 19. Ne5 Nfd7 20. Nxf7 $1 Rxf7 21. Ne4 h6 22. Qd5 g5 23. Bc4 Qe8 24.
Bg3 a5 25. Qxf7+ Qxf7 26. Bxf7+ Kxf7 27. Nxc5 1-0

[Event "Olympiad-32"]
[Site "Yerevan"]
[Date "1996.09.19"]
[Round "4.3"]
[White "Alterman, Boris"]
[Black "Vakhidov, Tahir"]
[Result "1/2-1/2"]
[WhiteElo "2590"]
[BlackElo "2420"]
[Annotator "Alterman,B"]
[PlyCount "87"]
[EventDate "1996.09.15"]
[EventType "team-swiss"]
[EventRounds "14"]
[EventCountry "ARM"]
[SourceTitle "CBM 055"]
[Source "ChessBase"]
[SourceDate "1996.12.01"]
[SourceVersion "1"]
[SourceVersionDate "1996.12.01"]
[SourceQuality "1"]
[WhiteTeam "Israel"]
[BlackTeam "Uzbekistan"]
[WhiteTeamCountry "ISR"]
[BlackTeamCountry "UZB"]

1. d4 {Ftacnik} Nf6 2. c4 g6 3. Nc3 d5 4. Nf3 Bg7 5. Qb3 dxc4 6. Qxc4 O-O 7. e4
a6 8. e5 b5 9. Qb3 Nfd7 10. Be3 Nb6 11. a4 (11. Be2 Be6 12. Qc2 Nc4 13. O-O Nc6
14. Rfd1 Nb4 $132) 11... Be6 12. Qd1 (12. Qc2 Bf5 13. Bd3 Bxd3 14. Qxd3 Nc6 15.
axb5 Nb4 16. Qe2 axb5 17. O-O c6 $10) 12... b4 (12... bxa4 {N} 13. Nxa4 Nxa4
14. Qxa4 (14. Rxa4 $2 c5 $1 15. dxc5 $2 Qxd1+ 16. Kxd1 Bb3+ $19) 14... Nd7 15.
Be2 Nb6 (15... c5 16. dxc5 Nxe5 17. O-O $16) 16. Qc2 a5 17. O-O Qd7 (17... Qb8
$5 { <<c8, []d5[+]}) 18. Rfc1 Rfc8 (18... Nd5 $5 { f6}) 19. Ng5 Bd5 20. Ne4
a4 $6 (20... f6 $132) 21. Nc5 Qc6 22. Bf1 (22. f3 $5 { >>d3-e4}) 22... e6 $6 (
22... f6) 23. Qd2 Qe8 24. Bh6 $16 Nd7 (24... Qf8 25. Bxg7 Qxg7 26. Bb5 $16) 25.
Bxg7 Nxc5 (25... Kxg7 26. Bb5 c6 27. Bxa4 $16) 26. Qh6 {Beliavsky,A-Gulko,B/
Amsterdam/1989/1:0/26/} (26. Qh6 Ne4 27. f3 Nd2 28. Bf6 $18)) (12... c6 13. Bd3
$146 (13. Be2 f6 14. exf6 exf6 15. axb5 cxb5 16. O-O Nc6 17. Ne4 Nc4 18. Nc5 {
Bareev,E-Huzman,A/Lyon/94/}) 13... f6 14. O-O N8d7 15. Be4 Nd5 (15... Rc8 16.
axb5 axb5 17. d5 cxd5 18. Nxd5 Rc4 $1 19. Nxb6 Rxe4 20. Nxd7 Qxd7 21. Qxd7 Bxd7
22. Ra7 Bg4 23. Rxe7 Bxf3 $10) 16. axb5 axb5 17. Nxd5 $1 (17. Rxa8 Qxa8 18.
Nxd5 Bxd5 $1) 17... cxd5 (17... Bxd5 18. Bxd5+ cxd5 19. Qb3 Rxa1 20. Rxa1 $16)
18. Rxa8 Qxa8 19. exf6 exf6 (19... dxe4 20. fxg7 Rxf3 21. gxf3 exf3 22. Bf4 $16
) 20. Bd3 Qb7 21. Bd2 $1 $14 Nb6 $2 (21... Re8 $1) (21... Bg4 {Ftacnik} 22. Qb3
Bxf3 23. gxf3 f5 24. Qxb5 Qxb5 25. Bxb5 Nb6 26. Bc3 $16) 22. Re1 (22. Bb4 Re8
23. Bxb5 Nd7 $1 $14) (22. Bxb5 {Ftacnik} Nc4 23. Bxc4 dxc4 24. Bc3 Bg4 $132)
22... Bd7 (22... Bf7 {Ftacnik} 23. Bb4 Re8 24. Bxb5 Rxe1+ 25. Qxe1 Nc4 26. Bxc4
dxc4 27. Qe7 $16) 23. Bb4 Re8 24. h4 $1 $16 Rxe1+ (24... Qc8 25. h5 Rxe1+ 26.
Qxe1 Qe8 27. Qb1 $16) (24... Nc4 {Ftacnik} 25. Rxe8+ Bxe8 26. b3 $16) 25. Qxe1
Qc8 (25... Nc4 {Ftacnik} 26. b3 Nb2 $2 27. Bf1 $18) 26. Qe7 Be8 $8 (26... Bf8
27. Qxf6 Bxb4 28. Qxb6 Qc1+ 29. Bf1 $18) 27. h5 gxh5 28. Bc5 $1 (28. Bf5 Bd7 $8
) 28... Qd7 (28... Nc4 {Ftacnik} 29. Bf5 $1 Qc6 30. Be6+ Kh8 31. Nh4 $18) 29.
Qe2 (29. Qxd7 Nxd7 30. Bxb5 Nxc5 31. Bxe8 Nd3 $14) 29... Na8 $2 (29... Na4 $8
30. b3 Nxc5 31. dxc5 b4 32. Nd4 Bg6 33. c6 Qc8 34. Bxg6 hxg6 35. Qe6+ $18) 30.
Bf5 $18 Qc6 31. Be6+ Bf7 32. Bxf7+ Kxf7 33. Qe7+ Kg8 34. Nh4 Nb6 35. Qd8+ {
Bareev,E-Leko,P/Wijk aan Zee/1995/1:0/35/CBM_45/}) 13. Ne4 Bd5 (13... Nc6 14.
Bd3 Nc4 15. Qe2 Nxe3 16. fxe3 $14) 14. Bd3 a5 $5 $146 15. O-O Nc6 16. Rc1 $1 f5
$6 (16... b3 $2 17. Nc5 $1 Bxf3 18. gxf3 Nxd4 19. Be4 Bxe5 20. Bxa8 Nxa8 21.
Bxd4 $16) 17. exf6 $2 (17. Neg5 $1 h6 (17... Qd7 18. Bb5 f4 19. Bd2 h6 20. Qc2
$16) (17... f4 18. Bd2 Bxf3 19. Qxf3 Nxd4 20. Qh3 $16) 18. Ne6 Bxe6 19. Rxc6
Bf7 (19... Qd7 20. Bb5 Nd5 21. Qc1 $16) 20. Qc1 Kh7 21. e6 Be8 22. Rxc7 Nxa4
23. Bf4 Nb6 24. h4 $16) 17... exf6 18. Re1 $14 Rf7 19. Nc5 Re7 20. Bb5 Na7 21.
Bf1 Nac8 (21... Nc6 $5) 22. Nd3 Bf7 $1 (22... g5 23. h4 h6 24. hxg5 hxg5 25.
Nc5 Nd6 26. Bd3 $14) 23. Nf4 g5 24. Ne2 Nd5 25. Ng3 Nd6 26. Bd3 Qe8 27. Bd2
Rxe1+ 28. Nxe1 h6 29. Bb1 Ra7 $5 30. Nf3 $6 (30. Ba2 $5 Nb6 31. Bxf7+ Qxf7 32.
b3 $14) (30. Bf5 Ne7) 30... Nb6 $1 31. b3 Qe6 32. Bc2 Ra8 33. Qf1 Qd5 34. Qd3
$2 (34. Bd1 $1 Qb7 35. Qd3 $14) 34... f5 $1 35. Bd1 f4 36. Ne2 Qe4 37. Qxe4
Nxe4 38. Be1 Nd5 39. Ne5 $8 Bxe5 40. dxe5 Re8 41. f3 Nec3 42. Nxc3 Nxc3 43.
Bxc3 bxc3 44. Rxc3 1/2-1/2

[Event "Vienna Millenium"]
[Site "Vienna"]
[Date "1996.08.16"]
[Round "8"]
[White "Karpov, Anatoly"]
[Black "Leko, Peter"]
[Result "1/2-1/2"]
[WhiteElo "2775"]
[BlackElo "2630"]
[Annotator "Alterman,B"]
[PlyCount "48"]
[EventDate "1996.08.09"]
[EventType "tourn"]
[EventRounds "9"]
[EventCountry "AUT"]
[EventCategory "18"]
[SourceTitle "CBM 055"]
[Source "ChessBase"]
[SourceDate "1996.12.01"]
[SourceVersion "1"]
[SourceVersionDate "1996.12.01"]
[SourceQuality "1"]

1. d4 Nf6 2. c4 g6 3. Nc3 d5 4. Nf3 Bg7 5. Qb3 dxc4 6. Qxc4 O-O 7. e4 a6 8. e5
Nfd7 9. Be3 Nb6 10. Qd3 Nc6 11. Be2 Nb4 (11... Bf5 12. Qd2 Nb4 13. Rc1 c5 14.
dxc5 Qxd2+ 15. Nxd2 Nd7 16. f4 Nc2+ 17. Rxc2 Bxc2 18. Nf3 Bf5 19. Nd4 Rad8 20.
g4 Be6 21. Nxe6 fxe6 22. Ne4 Bh6 23. g5 Bg7 24. Bc4 Kf7 25. Ke2 Rc8 26. Rc1
Rfd8 27. b4 Nb8 28. a4 Nc6 29. b5 axb5 30. axb5 Nb4 31. Bd2 Nd5 32. b6 Ra8 33.
c6 bxc6 34. b7 Ra3 35. Nc5 Rb8 36. Rb1 Rc3 37. Bxd5 Rxc5 38. Be4 Rc4 39. Kd3
Ra4 40. Bxc6 Rd8+ 41. Kc3 Ra6 42. Be4 Rb8 43. Be3 Ke8 44. Bb6 {Moskalenko,
V-Mohr,S/Cansys GM Budapest/1991/1:0/44/}) 12. Qd2 c5 $1 13. O-O (13. dxc5
Qxd2+ 14. Kxd2 (14. Bxd2 Nc2+ 15. Kd1 Nxa1 16. cxb6 Bf5) 14... Rd8+) 13... cxd4
14. Bxd4 Nc6 15. Qe3 Nxd4 16. Nxd4 Nd5 17. Nxd5 Qxd5 18. f4 Qc5 19. Rac1 Qb6
20. Nf5 Qxe3+ 21. Nxe3 f6 22. Nd5 (22. Bc4+ Kh8 (22... e6 $6 23. Ng4 f5 24. Nf2
Kf7 25. Rfd1 $16) 23. e6 f5 24. Rfd1 Bxb2 25. Rc2 Ba3 26. Bb3 Bd6 27. g3 $44)
22... fxe5 23. Nxe7+ Kh8 24. Nxc8 Raxc8 1/2-1/2

[Event "Linares 16th"]
[Site "Linares"]
[Date "1999.02.27"]
[Round "6"]
[White "Anand, Viswanathan"]
[Black "Svidler, Peter"]
[Result "1-0"]
[WhiteElo "2781"]
[BlackElo "2713"]
[Annotator "Anand,V"]
[PlyCount "61"]
[EventDate "1999.02.21"]
[EventType "tourn"]
[EventRounds "14"]
[EventCountry "ESP"]
[EventCategory "20"]
[SourceTitle "CBM 070"]
[Source "ChessBase"]
[SourceDate "1999.06.08"]
[SourceVersion "1"]
[SourceVersionDate "1999.06.08"]
[SourceQuality "1"]

1. d4 {I had an idea in the Qb3 Grunfeld that I had wanted to try. In Wijk aan
Zee, Kasparov entered the same system against Svidler, but he had another idea
in mind. Now it was my chance.} Nf6 2. c4 g6 3. Nc3 d5 4. Nf3 Bg7 5. Qb3 dxc4
6. Qxc4 O-O 7. e4 a6 {Svidler repeats the Hungarian system.} 8. e5 b5 9. Qb3
Nfd7 10. h4 {Kasparov played e6, but I assumed that Svidler had improved on
that.} c5 11. e6 c4 {I had briefly acquainted myself with the theory of this
move, but had concentrated on Black's alternatives.} 12. Qd1 Nb6 13. exf7+ Rxf7
14. h5 Nc6 15. hxg6 hxg6 16. Be3 {This is all theory. The main move is 16...
Bg4, but Svidler had something else in mind.} Bf5 $1 {Svidler said that he was
surprised that this natural move had hardly ever been played.} 17. Ng5 {
Obviously, the difference between Bf5 and Bg4. I thought it would be better
not to follow Lputian-Sokolov blindly, so when I saw this plan, I decided to
go for it.This is the sort of thing one shouldn't really do this without
developing all his pieces, but if you already played h4 on move 10, then it
doesn't matter.  However, this move isn't totally illogical. White wants to
play g4 and Bg2 instead of placing the bishop on e2.  Still, Black seems to be
OK after this move.} (17. Be2 Nb4 18. Rc1 {I remembered that Lputian-Sokolov
had reached this position.} e5 $1 {Later I discovered that this was played in
Kroeze-Van Haastert Wijk aan Zee 1998. (No, not Hoogovens, but Sonnevanck!). I
havent' checked everything, but it looks good for Black.}) 17... Rf6 (17...
Nxd4 {Black seems to have enough compensation here.} {For instance} 18. Nxf7
Kxf7 19. Rc1 e5 20. g4 Be6 21. Bg2 Ra7) 18. g4 Be6 $1 {The bishop goes for the
d5 square.} (18... Bd7 19. Bg2) 19. Nce4 (19. Bg2 Bd5 20. Nxd5 Nxd5 $15) 19...
Bd5 20. Qd2 (20. Nxf6+ exf6 21. Nf3 Qd7 {Gives Black too much ~/= for the
exchange!}) 20... Rd6 $2 {This wins the d-pawn (White can hardly save it now,
but White's attack on the h-file more than compensates.} (20... Qd7 $1 {
Svidler. The idea is that Black can now meet f3 with Rxf3.  It is difficult to
analyse a position like this. White has many options - he can play the
immediate f4 or interpolate Rd1 and Rd8 first or Bg2 and so on. The usual cop
out "unclear" seems called for!}) 21. f3 $1 {Now the rook will be sorely
missed on the f-file.} Bxe4 (21... Nxd4 $2 22. Bxd4 Bxe4 23. Qh2 $18 (23. Bxg7
Rxd2 24. Be5 $18)) 22. fxe4 Nd7 (22... Nxd4 23. Bxd4 $1 {This seems to work
and is much simpler.} (23. Qh2 {I considered this during the game. White plays
Bxc4+ and follows up with Qh7+ and castles check, but afterwards a simpler win
presented itself.} e5) 23... Rxd4 (23... Bxd4 24. Qh2 Bg7 (24... Kf8 25. e5)
25. e5 $1 Rc6 26. Be2 $18) 24. Qf2 $1 (24. Qh2 Qd6 $1 25. Bxc4+ Nxc4 26. Qh7+
Kf8) 24... Qf8 (24... Bf6 25. Rh8+ $1 $18) 25. Qh4 Qf6 26. Be2 $1 {Black seems
to have no defence against Qh7+ and Rf1.}) 23. Qh2 Nf8 {If White gets Qh7 in,
then it's usually over.} (23... Qb6 24. Bxc4+ bxc4 25. Qh7+ Kf8 26. O-O+ Nf6
27. Qxg6 Kg8 28. Qf7+ Kh8 29. Rf3 Nxg4 30. Rh3+ Rh6 (30... Nh6 31. Qf5 Kg8 32.
Qh7+ Kf8 33. Rf1+ Ke8 (33... Rf6 34. Ne6+ $18) 34. Qxg7 $18) 31. Rxh6+ Nxh6 32.
Qg6 Kg8 33. Rf1 $18) 24. e5 $1 (24. d5 Ne5 {Allows Black to keep fighting.})
24... Rd7 (24... Rxd4 {Fails to...} 25. Qf2 Qa5+ 26. Ke2 $18) 25. Ne6 $1 Qa5+ (
25... Nxe6 26. Bxc4 $1 {A recurring theme.} Qa5+ (26... bxc4 27. Qh7+ Kf7 28.
O-O+ $18) 27. Bd2 Qxd2+ 28. Kxd2 Rxd4+ 29. Ke3 bxc4 30. Qh7+ Kf7 31. Raf1+ $18)
26. Bd2 Nxe5 $1 (26... Qb6 27. Nxg7 $18) 27. Be2 $1 c3 (27... Qb6 28. Nxf8 $18)
28. Bxc3 $6 (28. bxc3 $1 Nf7 {Gives White a better version of the next
variation.}) 28... b4 29. Nxg7 bxc3 $2 {Svidler thought he was lost already
and didn't find his last chance.} (29... Nf7 $1 30. Bd2 Kxg7 $16 {The open
h-file and his two bishops promise White a massive edge, but Black is still
fighting. Also, White has to watch the d4 pawn.}) 30. Qh8+ Kf7 31. O-O+ {
The reason why Peter played on so long - he wanted to finish a game where
White plays 0-0+ winning. Unfortunately, it was published in the net as 31.
Rf1+ resigns and it took a while for this to be corrected. Still, for the
record, 31.0-0+ was the last move.} 1-0

[Event "Jakarta Japfa"]
[Site "Jakarta"]
[Date "2014.04.21"]
[Round "3"]
[White "Atalik, Suat"]
[Black "Muhammad, Luthfi Ali"]
[Result "1-0"]
[WhiteElo "2562"]
[BlackElo "2336"]
[Annotator "Atalik,S"]
[PlyCount "73"]
[EventDate "2014.04.20"]
[EventType "tourn"]
[EventRounds "9"]
[EventCountry "INA"]
[EventCategory "8"]
[SourceTitle "CBM 161"]
[Source "ChessBase"]
[SourceDate "2014.07.16"]
[SourceVersion "1"]
[SourceVersionDate "2014.07.16"]
[SourceQuality "1"]

1. d4 Nf6 2. c4 g6 3. Nc3 d5 4. Nf3 Bg7 5. Qb3 dxc4 6. Qxc4 O-O 7. e4 Be6 $5 {
This provocative move is often chosen by my young and talented opponent. There
is a direct correlation between this move and the Na6 line, in other words
Black aims to achieve ...c5 without having his knight on the rim.} 8. Qe2 $5 {
My favourite.} c5 9. d5 Bg4 10. Bg5 $5 $146 (10. h3 $5 Bxf3 11. gxf3 $13) 10...
Nbd7 (10... h6 11. Be3 Nbd7 12. Qd2 {is the point behind my innovation.}) 11.
Qd2 Bxf3 (11... a6 $2 12. Nh4) 12. gxf3 Ne8 13. Bh6 (13. h4 $5) 13... Bxh6 14.
Qxh6 $16 {White has all the attacking prospects in his setup!} Qb6 (14... Nd6
15. h4 f6 16. O-O-O $40) 15. O-O-O c4 16. h4 Nef6 17. h5 (17. d6 $5 e6 (17...
exd6 $2 18. h5 $18) 18. h5 Nxh5 19. e5 {is the other way to reach the best
attacking setup.}) 17... Nxh5 18. d6 e6 19. Rxh5 $2 {Unnecessarily brutal.} (
19. Nd5 $2 exd5 20. Rxh5 Nf6 $19) (19. e5 $1 Kh8 (19... Qxf2 20. Ne4 $18) 20.
Be2 $1 {grabs all the key squares and White's attack is very strong.}) 19...
gxh5 20. Nd5 (20. Bh3 Qxf2 21. Nd5 Qg3 (21... exd5 $2 22. Bf5) 22. Bxe6 fxe6
23. Qxe6+ Kh8 (23... Rf7 24. Ne7+ Kf8 25. Qxd7 Qxf3 26. Qe6 c3) 24. Qxd7 h4 $40
) 20... Qxf2 $2 {This is what I had also thought to be forced.} (20... exd5 $1
21. Rxd5 (21. Bh3 Ne5) 21... f5 $1 {The type of finesse which differentiates
two pawn pushes in quality once again remained unnoticed by me in my last
round game with GM Ulibin from Paracin 2013.} (21... f6 $2 22. Rxh5 Rf7 23.
Bxc4 {leads to a mate}) 22. Qe6+ Kh8 23. Qxd7 Qxf2 24. Bxc4 Qxf3 $19) 21. Nf6+
Nxf6 22. Qg5+ Kh8 23. Qxf6+ Kg8 24. d7 (24. Bh3 Qg3 25. Bg4 $11) 24... Qe3+ (
24... h6 25. Qxh6 Qxf3 26. Bxc4 Qg3 27. e5 $18) ({Probably after} 24... Rfd8 {
White should consider forcing a draw by perpetual.}) 25. Kc2 h6 $2 {A bad
mistake in time trouble.} (25... Rfd8 26. Bxc4 $44) 26. Rd2 $18 {All of a
sudden everything finds its place and White is winning.} Kh7 27. Rg2 Rg8 28.
Qxf7+ Kh8 29. Rxg8+ ({Even better is} 29. Qf6+ $142 Kh7 30. Qe7+ Kh8 31. Rxg8+
Rxg8 32. d8=Q Rxd8 33. Qxd8+ $18) 29... Rxg8 30. Qxg8+ Kxg8 31. d8=Q+ Kf7 32.
Bxc4 Qf2+ 33. Qd2 Qxf3 34. Qd7+ Kf8 35. Qxe6 Qf2+ 36. Kb3 Qf3+ 37. Kb4 1-0

[Event "RUS-chT 20th"]
[Site "Loo"]
[Date "2013.04.09"]
[Round "3.3"]
[White "Atalik, Suat"]
[Black "Dominguez Perez, Leinier"]
[Result "1/2-1/2"]
[WhiteElo "2593"]
[BlackElo "2723"]
[Annotator "Atalik,S"]
[PlyCount "118"]
[EventDate "2013.04.07"]
[EventType "team-swiss"]
[EventRounds "7"]
[EventCountry "RUS"]
[SourceTitle "EXT 2014"]
[Source "ChessBase"]
[SourceDate "2013.11.20"]
[SourceVersion "1"]
[SourceVersionDate "2013.11.20"]
[SourceQuality "1"]
[WhiteTeam "Kazan"]
[BlackTeam "Sankt Petersburg Chess Fed"]
[WhiteTeamCountry "RUS"]
[BlackTeamCountry "RUS"]

1. d4 Nf6 2. c4 g6 3. Nc3 d5 4. Nf3 Bg7 5. Qb3 {From now on I will only play
the Russian System against the Gruenfeld Defence!} dxc4 6. Qxc4 O-O 7. e4 Na6 {
The Prins System.} 8. Be2 c5 9. d5 e6 10. O-O exd5 11. exd5 {This is actually
a much more critical position than people think.} Re8 (11... Qb6 $6 12. Bf4 Re8
(12... Bf5 13. Be5 Rad8 (13... Rfe8 $5 {transposes to the next line.}) 14. Rad1
(14. d6 Nd7 15. Bxg7 Kxg7 16. Nb5 Nb4 $1 17. a4 a6 18. a5 Qc6 19. Nbd4 cxd4 20.
Qxd4+ Nf6 21. Qxb4 $11) (14. Rfd1 Rfe8 15. Qh4 Nd7 16. Bxg7 Kxg7 17. b3 Qa5 18.
Rac1 Nf6 19. Bb5 Bd7 20. Bxa6 Qxa6 21. Nd2 $40) 14... Rfe8 15. Qh4 Nd7 16. Bxg7
Kxg7 17. Bb5 $36) 13. Be5 Bf5 (13... Bg4 14. Rfe1) 14. d6 (14. Rad1 Qxb2 15.
Rb1 Bxb1 16. Rxb1 b5 (16... Qa3 17. Rxb7 Nb4 18. d6 Rf8 19. Bf1 $44) 17. Qxb5
Qxb5 18. Bxb5 Rxe5 19. Nxe5 Nb4 20. d6 Ne8 21. d7 Nd6 22. Re1 Nc2 23. Re2 Nd4
24. Re1 $11 {is a curious draw.}) (14. Rfd1 Qxb2 $11) 14... Nd7 15. Bxg7 Kxg7
16. Nb5 $40) (11... b6 12. Rd1 Nb4 13. Bg5 (13. Qb3 Bf5 14. Bg5 $5 {is an
inspired sacrifice by Epishin.} (14. Ne1 Ng4 15. Bf4 Bd4 16. Bg3 Qf6 17. Rxd4
cxd4 18. Nb5 a5 19. Nc7 Ra7 20. a3 d3 21. Bxg4 Bxg4 22. axb4 d2 23. Nf3 Bxf3
24. gxf3 Rxc7 25. Bxc7 Rc8 26. d6 Qg5+ 27. Kh1 Re8 28. Qc3 axb4 29. Qxb4 Qd5
30. Kg2 d1=Q 31. Rxd1 Qxd1 32. Bxb6 $44) 14... Bc2 15. Qc4 Bxd1 16. Rxd1 $44)
13... h6 14. Bxf6 Bxf6 15. Rd2 Ba6 16. Qb3 Bxe2 17. Nxe2 $14) 12. Bf4 Bf5 13.
Rad1 (13. Be5 $4 Nxd5 14. Bxg7 Nb6 $17 {makes difference.}) 13... Ne4 14. Nb5
$1 (14. Bd3 Bxc3 15. bxc3 b5 16. Qxb5 Nxc3 17. Qxa6 (17. Qc4 Nxd1 18. Rxd1 Bxd3
19. Rxd3 $44 {does not look convincing at all.}) 17... Bxd3 18. Rxd3 Ne2+ 19.
Kh1 Nxf4 20. Rd2 $11) 14... Qf6 (14... g5 15. Be3 (15. Nxg5 Nxg5 16. Nd6 Qf6
17. Nxe8 Rxe8 18. Qb5 $44)) (14... Bxb2 15. d6 $44) (14... Bd7 15. Nd2 $5 Bxb5
(15... Qf6 16. Nxe4 (16. g3 Qxb2 17. Nxe4 Bxb5 18. Qxb5 Rxe4 19. Qxb2 Bxb2 20.
Bxa6 bxa6 21. Bc7 Re7 22. d6 Rd7 $11) 16... Qxf4 17. Ned6 Qxc4 18. Bxc4 Bxb5
19. Bxb5 $16) 16. Qxb5 Nxd2 17. Rxd2 Re4 18. Qxb7 Rxf4 19. Qxa6 Bd4 $44) 15.
Bd3 Bd7 {Here comes the real test.} 16. Be5 {I am afraid after this White can
not get much of an advantage!} Bxb5 {The right capture not to lose an exchange.
} (16... Rxe5 17. Nxe5 Qxe5 18. Bxe4 Qxb2 $16 {should not be a problem.}) 17.
Qxb5 Rxe5 18. Qxb7 (18. Nxe5 Nd6 19. Ng4 Qf4 20. Qd7 c4 {gives White a clumsy
game.} 21. g3 Nc5 22. Qc7 Qxg4 23. Qxc5 Qd7 24. Be2 Bxb2 25. Qb4 c3 26. Bd3 Rc8
$36) 18... Ree8 19. d6 $1 {Going for the right one.} (19. Bxa6 Qxb2 $36) 19...
Nxd6 (19... Rab8 20. Qxa6 Nxd6 21. b3 $14) 20. Qxa6 Nf5 $1 $146 {A great move
which is difficult to appreciate at once.} (20... c4 $6 21. Bxg6 $1 $16 (21.
Bxc4 Nxc4 22. Qxc4 Qxb2 23. Rd7 Qf6 $11)) 21. Qxf6 Bxf6 22. Bxf5 (22. b3 Nd4
23. Nxd4 Bxd4 $11 {is simply equal and should not be even considered!}) 22...
gxf5 23. Rd2 $6 {The most ambitious move but does not deliver much.} (23. b3
Re2 24. Rd2 (24. Rd6 Kg7 25. Ra6 Bd4) 24... Rxd2 25. Nxd2 Re8 26. Rd1 Rd8 27.
Kf1 Rd6 28. Ke2 Re6+ 29. Kd3 $14) (23. Rd5 c4 24. Rc1 Rac8 25. Rc2 Rb8 26. Rxc4
Rxb2 27. g3 Rxa2 28. Rxf5 Re6 29. Rcf4 Raa6 $14) 23... c4 24. Rc1 Rec8 $5 ({
I was expecting} 24... Re4 {more} 25. g3 Rb8 26. Rcc2 Kg7 27. Kg2 Rxb2 28. Rxb2
c3 29. Rbc2 cxd2 30. Nxd2 Ra4 31. Nc4 $14) 25. g3 Rab8 26. Rcc2 Rc5 $5 {
He rightfully controlled the e5 square.} (26... a5 27. Re2 a4 (27... Rc5 28.
Nd2) 28. Ne5 $14) 27. Kg2 $6 {I really disliked this move especially after
having contemplated it.} (27. Re2 a5 28. Nd2 Rb4 29. Nb1 $14) 27... a5 28. Re2
(28. Nd4 a4 29. Ne2 Rcb5 30. Rxc4 Rxb2 31. Rxb2 Rxb2 32. Nf4 Rxa2 33. Rc8+ Kg7
34. Nh5+ Kg6 35. Nf4+ $11 (35. Rc6 Kxh5 36. Rxf6 $11)) 28... a4 29. Nd2 Rb4 30.
f4 $5 {I had to be consistent with my plan.} (30. Nb1 c3 31. Rc1 $3 {I have
missed that.} (31. Nxc3 $2 a3 32. bxa3 Rbc4 33. Nd5 Rxc2 34. Nxf6+ Kg7 35. Nh5+
Kh6 $17) 31... Re5 32. Rxe5 Bxe5 33. Nxc3 Rxb2 34. Nxa4 Rxa2 $11) 30... Kg7 31.
Nf3 c3 32. bxc3 Rxc3 33. Rxc3 Bxc3 34. Kf2 Bf6 35. Rc2 h5 36. Ke3 Kg6 37. Rc6
$1 {Here I have thought that I might have some chances.} Kg7 38. Ra6 Rc4 $1 $11
{black has restored the balance.} 39. Kd2 h4 $1 (39... Rc3 $6 40. Nh4) 40. Ne5
$138 {Being aware of tactics I have decided to play safe.} (40. Ra5 $2 hxg3 41.
hxg3 Bc3+ 42. Kd3 Rxf4 $1 43. gxf4 Bxa5 $17) (40. Ra7 $11) 40... hxg3 41. hxg3
Bxe5 42. fxe5 Re4 43. a3 $5 ({There is nothing wrong with.} 43. Kd3) 43... Rg4
(43... Kf8 44. Ra7) 44. Ke2 Rxg3 45. Rxa4 Kg6 46. Kf2 (46. Ra7 f4 47. a4 Kf5
48. a5 Ke4 49. Rxf7 Rg2+ 50. Kf1 Ra2 51. e6 Kf3 52. Kg1 Ra1+ 53. Kh2 Rxa5 54.
e7 Re5 55. Rh7 $11) (46. Ra6+ Kg5 47. Rf6 Kf4 48. Rxf7 Rxa3 $11) 46... Rb3 47.
Ra6+ Kg5 48. Rf6 Rb7 49. a4 Kf4 50. a5 Rb2+ 51. Kf1 Ra2 52. a6 Kxe5 53. Rxf7
Rxa6 54. Rb7 Kf4 55. Rb4+ Kg3 56. Rb3+ Kg4 57. Rc3 f4 58. Rb3 Re6 (58... f3 59.
Rb8 $11 {Philidor.}) 59. Ra3 Rb6 (59... Re3 60. Rxe3 fxe3 61. Ke2 $11 {was
also practical.}) 1/2-1/2